| 000 | 00000nam##2200000za#4500 |
| 001 | 9.574557 |
| 003 | CaOODSP |
| 005 | 20210624184236 |
| 007 | cr ||||||||||| |
| 008 | 150406|2001||||xxc|||||o f|0| 0 eng|d |
| 040 | |aCaOODSP|beng |
| 043 | |an-cn--- |
| 086 | 1 |aEn49-24/1-53E-PDF |
| 110 | 1 |aCanada. |bEnvironment Canada. |bEnvironmental Protection Service. |
| 245 | 10|aTrucks and air emissions : |h[electronic resource]|bfinal report / |c[prepared for Transportation Systems Branch, Air Pollution Prevention Directorate, Environmental Protection Service, Environment Canada, by Gordon W.R. Taylor. |
| 260 | |bEnvironment Canada. |cSeptember 2001. |
| 300 | |a35p.|bgraphs, references, tables |
| 490 | 1 |aEnvironmental Protection series. [Transportation systems]|vEPS 2/TS/14 |
| 500 | |aThe catalogue number (En49-21/1-53E) and ISBN (0-660-18625-X) for the print edition have been incorrectly copied in this electronic publication. |
| 590 | |a12-29-Supp|b2012-06-25 |
| 690 | 07|aAir quality|2gcpds |
| 690 | 07|aAtmospheric emissions|2gcpds |
| 690 | 07|aTrucks|2gcpds |
| 720 | 1 |aTaylor, Gordon W. R. |
| 775 | 08|tLes camions et les émissions atmosphériques : |w(CaOODSP)9.604300 |
| 776 | 0#|tTrucks and air emissions / |w(CaOODSP)9.615768 |
| 830 | #0|aEnvironmental Protection series. [Transportation systems]|vEPS 2/TS/14|w(CaOODSP)9.504782 |
| 856 | 40|ahttp://publications.gc.ca|qPDF|s513 KB|uhttps://publications.gc.ca/collections/Collection/En49-24-1-53E.pdf|yEPS 2/TS/14 |